Quizzes
Events
Quiz Creation
Community
Videos
Private Events
Remove Ads
Sign In
Join for FREE
Feedback
Dark Mode
Quiz Categories
Sports
Geography
Music
Movies
Television
Just For Fun
Miscellaneous
History
Literature
Language
Science
Gaming
Entertainment
Religion
Holiday
For Kids
Quiz Lab
Recent
Popular Today
Quiz Kudos Today
Editor Picks
Curator Picks
Quizzes by...
Day
Popularity
Type
Ratings
Length
Year
Community
Subscriptions
Recent Discussions
Orange Saloon
Badges
Playlists
Quests
Create
Leaderboards
Showdown
Live 5
Trivia Bingo
Activity
Puzzle Library
Sporcle Events
Private Events
Virtual Trivia
Globe League
Become a Host
Pub Owners
SporcleCon
Opinionation
Our Games
Videos
Blog
Mobile Apps
Partnerships
Remove Ads and Go Orange
Feedback
Religion
Mythology
Religious Music
World Religions
Bible
Christianity
Catholicism
Judaism
Church
Scripture
Islam
Verse
Religion
Mythology
Religious Music
World Religions
Bible
Christianity
Catholicism
Judaism
Church
Scripture
Islam
Verse
Random Quiz
Search Sporcle
×
Quiz Lab
Quiz Lab
Religion
concept
Type in answers that appear in a list
Type in answers that appear in a list
Classic
Best Score? Go Orange.
Hinduism Quiz Review Stats
Can you name the key concepts of Hinduism?
By
helger70
6m
22 Questions
360 Plays
360 Plays
360 Plays
Comments
Comments
Give Quiz Kudos
Give Quiz Kudos
-
- Ratings
hide this ad
Replay
Link that replays current quiz
Next Quiz
Link to next quiz in quiz playlist
You Got
0%
They Got
Avg Score
67%
Avg Friend Score
Upgrade to see
Score Distribution
Jump to the score distribution portion of the page
Score
0/22
Timer
06:00
0
Plays Today
Hint
Answer
% Correct
Oldest religion in the world
Hinduism
93.6%
The country of origin
India
92.2%
Holiest river
Ganges
85.2%
Sacred animal
Cow
82.7%
Most Hindus do not eat
meat
80.2%
A person's actions in this life that determines their future life...
Karma
76.5%
Language of sacred text
Sanskrit
71.5%
Main symbol for Hinduism
Aum
71.2%
Major god-
-
known as the destroyer
Shiva
70.9%
Major Sacred Text
Vedas
68.7%
Major god-
-
known as the preserver
Vishnu
67.9%
Hint
Answer
% Correct
Major god-
-
known as the creator
Brahma
67.9%
Elephant headed god
Ganesh
64.2%
The lowest caste
untouchables
63.7%
Those who brought their ideas to northern India
Aryans
63.4%
A set of rules that must be followed by each living thing if it desires to be promoted during reincarnation...
Dharma
62.3%
Place of everlasting happiness; much like heaven in other religions...
Moksha
60.3%
A person's caste is determined by...
Birth
58.7%
Goddess of household; wife of Shiva
Parvati
55.6%
Reincarnation is called this
Samsara
55%
Hindus believe their religion is...
A way of life
42.5%
Major Sacred text tells of
Nature worship
30.2%
Quiz Playlist
Details
Report
Send in Message
Add To Playlist
Classic:
Type in answers that appear in a list
Last Updated: Feb 16, 2017
Quiz Scoreboard
CHALLENGE
Sign Up to Join the Scoreboard
Show All
Scores
Hide
Comments
May contain spoilers
Recently Published
TV Characters by Other Roles V
by ghcgh
Television
5m
Decade Duel: World Leaders
by jenniferyan
History
4m
Alphabetical 'K' Countries by Flag Minefield
by ylime102
Geography
3m
More to Explore
Quiz From the Vault
Featured Blog Post
15 Basketball Trivia Facts You Can Be March Mad About
hide this ad
You Might Also Like...
Tags
concept
Key
Review
Today's Top Quizzes in Religion
Browse Religion
hide this ad
Today's Top Quizzes in concept
Browse concept
Top Contributed Quizzes in Religion
1
4-to-1 Blitz: The Bible
2
4-to-1 Blitz: Judaism
3
Follow That Line: Easter Verses
4
Get the Picture: Seasonal Deities
5
Bible Bunker: Genesis
6
Verse Map Reveal
7
Quick Pick: Continental Religions
8
Word Ladder: Mythological Mothers
9
Word Ladder: Holy Books
10
Complete the Bible Duos
Explore More
Trending Topics
Harry Potter
NBA
Marvel
Kpop
Anime
Disney
Crossword
The Office
Country
Song
Soccer
Puzzle
Pokémon
WWE
NFL
hide this ad
More By:
helger70
Quiz
Plays
Rating
Category
Featured
Created
Hinduism Quiz Review
360
Religion
Mar 19, 2014
Chapter 12 Test Jackson Presidency
158
History
Apr 8, 2014
Ch. 13 Westward Expansion
110
1.00
History
Apr 22, 2014
Go to Creator's Profile
Score Distribution
Quiz Creator Spotlight
helger70
Follow
Send a Message
Quizzes Created
-
Created Quiz Play Count
-
More By This Creator
Popular Quizzes Today
1
Countries of Asia Without Outlines Minefield
2
Find the US States - No Outlines Minefield
3
Pick 6: Fruits
4
The Countries of the World
5
Find the Countries of Europe - No Outlines Minefield
6
Alphabetical 'K' Countries by Flag Minefield
7
Find the US States
8
US States
More Religion Quizzes
World Religion by Continent
Curator's Pick
Trending Quizzes
Pick 6: Mountains
Pick 6: Harry Potter
Pick 6: NFL Teams
Pick 6: Flags
C Names for Actors
Recently Updated
Adaptations: Name the Title
pecheneg
NWSL Teams
pecheneg
Women's Final Four Teams by Year
bhenderson79
Presidents Quartet II
eogle
Anything But Clue(do)
eogle
Anything But Oceanian Capitals
eogle
Anything But 7
eogle
Anything But Thing
eogle
Word Ladder: February 29
pecheneg
Song Title Questions
pecheneg
Trending Topics
Marvel
Kpop
Anime
Crossword
Harry Potter
NBA
Disney
Pokémon
Country
NFL
The Office
Song
WWE
Puzzle
Soccer
Your Account Isn't Verified!
In order to create a playlist on Sporcle, you need to verify the email address you used during registration. Go to your
Sporcle Settings
to finish the process.
Report this User
Report this user for behavior that violates our
Community Guidelines
.
Details:
Send Report
Go to the Sporcle.com Mobile Site →
Comments